| 000 | 00660cam a22001934a 4500 | ||
|---|---|---|---|
| 020 | _a1593852002 (pbk. : alk. paper) | ||
| 040 | _cDLC | ||
| 082 | 0 | 0 | _a526 GUI 2005 A029 Or. |
| 100 | 1 | _aKrygier, John. | |
| 245 | 1 | 0 |
_aMaking maps : _ba visual guide to map design for GIS / |
| 260 |
_aNew York : _bGuilford Press, _cc2005. |
||
| 300 |
_a303 p. : _bill. (some col.), maps (some col.) ; _c24 cm. |
||
| 650 | 0 | _aCartography. | |
| 650 | 0 | _aGeographic information systems. | |
| 700 | 1 | _aWood, Denis. | |
| 856 | 4 | 1 | _uhttp://www.loc.gov/catdir/toc/ecip0515/2005018239.html |
| 856 | 4 | 2 | _uhttp://www.loc.gov/catdir/enhancements/fy0726/2005018239-b.html |
| 942 | _cEK | ||
| 999 |
_c11392 _d11392 |
||